Регионална библиотека "Любен Каравелов" - Русе

Непокорна страст (Запис номер 311)

MARC детайли
000 -Лидер
Контролно поле с фиксирана дължина 01311nam a2200349 a 4500
003 - Код на организацията, давaща контролен номер
Контролно поле BLK
005 - Дата и час на последна редакция
Контролно поле 20250529152316.0
008 - Елементи от данни с фиксирана дължина
fixed length control field 180412b bul|||||r ||||||| ||bul||
010 ## - Наследен системен номер
LC control number KNG00000482000
040 ## - Източник на каталожния запис
Идентификатор на билиотеката - собственик на записа BLK
041 ## - Код за език
Код за езика на текст/звукозапис или на отделно заглавие Български
Код за езика КДБФ Български
080 ## - УДК
Текстов определител УДК Американска литература (на САЩ)
УДК код - определител по УДК 821.111(73)
УДК определител -31
УДК - код + определител 821.111(73)-31
100 1# - Редна дума - Автор
Автор Арчър, Джейн
Авторска отговорност първи автор
R(LIN) 242153
139 ## - Редно поле
Редна дума Арчър, Джейн
Авторски знак Арц - А 91
245 10 - Сведения за заглавието
Заглавие Непокорна страст
Подзаглавни данни Роман
Редно поле (дума) Джейн Арчър; прев. Радослав Христов.
257 ## - Страна на издаване
Страна на създаване/издаване Съединени американски щати
260 ## - Област на издателските данни
Място на издаване, разпространение и проч. София
Име на издателя, разпространителя и проч. Бард
Година на издаване 1993
300 ## - Физическа характеристика
Страници 351 с.
Размери/Мащаб 20 см
380 ## - Жанр
Жанр Худож. лит.
490 ## - СЕРИИ (Колекции)
Име на серия Исторически любовни романи
9 (RLIN) 203324
500 ## - Общи забележки
Забележка Ориг. загл. Tender Torment / Jane Archer. - 40 000 тир.
653 ## - Ключова дума – ненормативна
Ключова дума романтична проза
653 ## - Ключова дума – ненормативна
Ключова дума романи
700 1# - Други автори (авторска отговорност)
Лично име Христов, Радослав
Автороска отговорност (Описва отношението между автора и произведението) прев.
9 (RLIN) 242154
852 ## - Местоположение
Форматна сигнатура Цб 175081
Фондова буква Хранилище
856 4# - Електронен адрес и достъп
Електронен формат pdf - файл
Път до файла /url/
Инструкция (цена за достъп) 0.00
Права за достъп disable
856 4# - Електронен адрес и достъп
Електронен формат pdf - файл
Път до файла /url/
Инструкция (цена за достъп) 0.00
Права за достъп disable
999 ## - СИСТЕМНИ КОНТРОЛНИ НОМЕРА
Koha biblionumber 311
Koha biblioitemnumber 311
942 ## - АРТИКУЛИ
Вид на библиотечния материал Книги
Скрит в OPAC Не
Koha issues (borrowed), all copies 11
Периодичен библиозапис Да
944 ## - СЪЗДАВАНЕ И РЕДАКЦИЯ на ЗАПИСА
Създаване/Редакция Създаване
Дата на регистрацията/редакция 24.02.2003
Статус, дата на статуса Цветелина Шанова
Служител, извършил регистрацията/редакцията 30531
944 ## - СЪЗДАВАНЕ И РЕДАКЦИЯ на ЗАПИСА
Създаване/Редакция Редакция
Дата на регистрацията/редакция 10.02.2016
Статус, дата на статуса ф /
Служител, извършил регистрацията/редакцията Людмила_Стоянова
999 ## - СИСТЕМНИ КОНТРОЛНИ НОМЕРА
Koha biblioitemnumber 311
Наличности
Код за отписване Код за изгубен артикул Код за повреда Коз за рестрикции Код за отдаване Артикулен № Име на библиотеката - собственик Име на библиотеката, в която се намира в момента Статус (Текущо местоположение) Дата на вписване в системата Местоположение - отдел Цена в лева Инвентарен номер Систематично азбучна сигнатура Баркод Номер на екземпляра Цена в евро Служебна бележка Служебен тип на артикула Източник на класификационната схема
Изтеглен Не е изгубен Не е повреден без рестрикции заемане за дома 596 Регионална библиотека "Любен Каравелов" Русе Регионална библиотека "Любен Каравелов" Русе Заемна - подръчен фонд 2003-06-27 Заемна - подръчен фонд 2.00 120000677119 П 820(73)-31/А 91 120000677119 1 1.02 Дост: DA Вид: А N: 19 Дата: 27.06.2003 Книги  
Изтеглен Не е изгубен Не е повреден без рестрикции заемане за дома 597 Регионална библиотека "Любен Каравелов" Русе Регионална библиотека "Любен Каравелов" Русе Заемна - подръчен фонд 2001-01-01 Заемна - подръчен фонд 2.24 593276 П 820(73)-31/А 91 593276 2 1.15 Дост: Pk Вид: Ф N: стар фонд Дата: 01.01.2001 Книги Universal Decimal Classification
  Не е изгубен Не е повреден без рестрикции ползва се в читалня 598 Регионална библиотека "Любен Каравелов" Русе Регионална библиотека "Любен Каравелов" Русе Хранилище 2001-01-01 Хранилище 0.64 599166 Цб 175081 120000599166 3 0.33 Дост: Dp Вид: Д N: стар фонд Дата: 01.01.2001 Книги Universal Decimal Classification
  Не е изгубен Не е повреден без рестрикции заемане за дома 599 Регионална библиотека "Любен Каравелов" Русе Регионална библиотека "Любен Каравелов" Русе Заемна - подръчен фонд 2015-12-28 Заемна - подръчен фонд 8.00 120000796538 П 821-31/А 91 120000796538 4 4.09 Дост: DA Вид: А N: 27 Дата: 28.12.2015 Книги Universal Decimal Classification
Vip Innovations Ltd, Rousse, Bulgaria 2025